Property rights in a flea market economy (Record no. 52569)

000 -LEADER
fixed length control field 00407pab a2200157 454500
008 - FIXED-LENGTH DATA ELEMENTS--GENERAL INFORMATION
fixed length control field 180718b2001 xxu||||| |||| 00| 0 eng d
100 ## - MAIN ENTRY--PERSONAL NAME
Personal name Fafchamps, Marcel
245 ## - TITLE STATEMENT
Title Property rights in a flea market economy
260 ## - PUBLICATION, DISTRIBUTION, ETC.
Date of publication, distribution, etc. 2001
300 ## - PHYSICAL DESCRIPTION
Extent p.229-67.
362 ## - DATES OF PUBLICATION AND/OR SEQUENTIAL DESIGNATION
Dates of publication and/or sequential designation Jan
650 ## - SUBJECT ADDED ENTRY--TOPICAL TERM
Topical term or geographic name entry element Right to property
700 ## - ADDED ENTRY--PERSONAL NAME
Personal name Minten, Bart
773 ## - HOST ITEM ENTRY
Main entry heading Economic Development and Cultural Change
909 ## -
-- 52569
Holdings
Withdrawn status Lost status Damaged status Not for loan Permanent Location Current Location Date acquired Serial Enumeration / chronology Barcode Date last seen Price effective from Koha item type
        Indian Institute of Public Administration Indian Institute of Public Administration 2018-07-19 Volume no: 49, Issue no: 2 AR52999 2018-07-19 2018-07-19 Articles

Powered by Koha